Statistiques concernant Quiz : Le labyrinthe

Cliquez ici pour prendre le quiz!

Statistiques générales

  • Ce quiz a été pris 2 645 fois
  • Le résultat moyen est 13 sur 15

Statistiques - réponses

QuestionRéponse% Correct
Qui a trahi les blocards ?Teresa
98%
Quel est le nom du film en anglais ?The Maze Runner
97%
Qui est le premier blocard arrivé au Bloc ?Alby
96%
Comment s'appelle l'acteur de Minho ?Ki Hong Lee
96%
De quoi est fait le remède de la Braise ?Du sang de Thomas
95%
Quel personnage revient dans le troisième film ?Gally
95%
Que font Thomas et Teresa à la fin du film ?Ils s'embrassent
92%
Qui se fait capturer par WICKED ?Minho
92%
Qui découvre qu'il n'est pas immunisé contre le virus ?Newt
92%
Parmi les blocards, qui sont les seuls survivants ?Thomas, Minho, Gally
89%
Où se trouve le Bras Droit ?Dans les montagnes
85%
Dans quelle section se trouve la sortie ?Section 7
85%
Qui se fait mordre par des fondus ? (Le Labyrinthe 2)Winston
79%
Qui tue Ava Paige ?Janson
75%
Qui est le réalisateur des films ?Wes Ball
39%

Distribution des résultats

Percentile par nombre de réponses

% des personnes avec chaque résultat

Votre développement - résultats

Vous n’avez pas pris ce quiz